000 01024nmm a2200301 a 4500
001 ocm000642312
003 TR-IsHL
005 20201028132528.0
008 131030s2007 tu tur
007 cr cn
020 _a9789944625906
035 _a642312
_b(N$T)
050 0 4 _aGV1701
_b.O38 2007
090 0 4 _aGV1701
_b.O38 2007
100 1 _aOğultürk, Halil
245 1 0 _aTürkiye halk oyunları, 1950-1970
_h[electronic resource] /
_cHalil Oğultürk ; yay.haz. Abdurrahim Karademir.
260 _aİzmir :
_bEge Üniversitesi Yayınları,
_c2007
300 _a224 p.
650 4 _aMüze ve Kültürel Çalışmalar
650 4 _aMuseums and Cultural Works
650 0 _aHalk dansları, Türk
650 0 _aFolk dancing, Turkish
650 0 _aHalk dansları
_xTürkiye
650 0 _aFolk dancing
_xTurkey
650 7 _aPERFORMING ARTS / Dance / Folk
_2bisacsh
700 1 _aAbdurrahim Karademir
856 4 0 _uhttp://search.ebscohost.com/login.aspx?direct=true&scope=site&db=e011xww&AN=642312
999 _c5140
_d5140